Statistics for All First-Level Subdivisions of Europe on a Map

Click here to take the quiz!

General Stats

  • This quiz has been taken 20,303 times
    (6,768 since last reset)
  • The average score is 164 of 1154

Answers on the Map

Answers color-coded by a green-red scale on the quiz's map according to % correct below.
Loading ...
 

Answer Stats

CountryTypeSubdivision% Correct
DenmarkRegionNordjylland
93%
United KingdomConstituent CountryEngland
92%
MaltaRegionNorthern
92%
United KingdomConstituent CountryWales
91%
United KingdomConstituent CountryScotland
91%
United KingdomProvinceNorthern Ireland
87%
GermanyStateBerlin
84%
ItalyRegionSicily
82%
GermanyStateBavaria
80%
RussiaCityMoscow
80%
RussiaRegionMoscow
80%
SpainAutonomous CommunityCatalonia
79%
SpainAutonomous CommunityCommunity of Madrid
78%
MaltaRegionSouthern
77%
DenmarkRegionSyddanmark
77%
NorwayRegionOslo
77%
Vatican CityCityVatican City
76%
SwedenCountyStockholm
74%
ItalyRegionSardinia
74%
PortugalDistrictLisbon
73%
IrelandCityDublin
73%
FranceRegionBrittany
73%
GermanyStateHamburg
72%
EstoniaCountyLääne
72%
FranceRegionCorsica
72%
GreeceRegionWestern Greece
72%
GreeceRegionAttica
72%
RussiaCitySaint Petersburg
71%
AustriaStateVienna
70%
FranceRegionNormandy
70%
Czech RepublicRegionPrague
68%
ItalyRegionTuscany
68%
UkraineRegionKiev
68%
GreeceRegionCrete
68%
IcelandMunicipalityReykjavík
68%
UkraineCityKiev
68%
SwitzerlandCantonBern
67%
HungaryCountyBudapest
66%
DenmarkRegionHovedstaden
66%
PortugalDistrictPorto
64%
BelgiumRegionBrussels-Capital Region
64%
RomaniaMunicipalityBucharest
63%
LatviaMunicipalityRiga
63%
LuxembourgCantonLuxembourg
63%
SpainAutonomous CommunityBasque Autonomous Community
63%
BelgiumRegionFlanders
63%
IrelandCountyCork
62%
SwitzerlandCantonZürich
62%
Ukraine / RussiaCutonomous RepublicCrimea
62%
IrelandCityCork
62%
United KingdomOverseas TerritoryGibraltar
62%
San MarinoMunicipalityCity of San Marino
61%
BelarusRegionMinsk
61%
BelarusCityMinsk
61%
CroatiaCityZagreb
61%
SpainAutonomous CommunityAndalusia
61%
CroatiaCountyZagreb
61%
United KingdomCrown DependencyJersey
61%
GermanyStateSaxony
60%
SpainAutonomous CommunityValencian Community
59%
SwitzerlandCantonGeneva
59%
United KingdomCrown DependencyIsle of Man
59%
BulgariaProvinceSofia
59%
BulgariaProvinceSofia City
59%
LithuaniaCountyVilnius
58%
PortugalDistrictFaro
57%
ItalyRegionLombardy
57%
GermanyStateBremen
57%
MonacoWardMonaco-Ville
57%
United KingdomCrown DependencyGuernsey
56%
SwitzerlandCantonVaud
56%
AlbaniaCountyTiranë
55%
SpainAutonomous CommunityGalicia
55%
BelgiumRegionWallonia
55%
ItalyRegionFriuli-Venezia Giulia
54%
FranceRegionÎle-de-France
54%
Bosnia and HerzegovinaPolitical DivisionRepublika Srpska
53%
SlovakiaRegionBratislava
53%
SerbiaCityBelgrade
53%
SloveniaCity MunicipalityLjubljana
52%
SpainAutonomous CommunityAragon
52%
GermanyStateBrandenburg
52%
FranceRegionProvence-Alpes-Côte d'Azur
51%
LiechtensteinMunicipalityVaduz
51%
MoldovaMunicipalityChișinău
50%
NetherlandsProvinceZeeland
50%
GermanyStateBaden-Württemberg
50%
GermanyStateNorth Rhine-Westphalia
49%
GermanyStateLower Saxony
49%
SpainAutonomous CommunityBalearic Islands
48%
GermanyStateSchleswig-Holstein
48%
SpainAutonomous CommunityCastile and León
48%
FinlandRegionLapland
48%
UkraineRegionOdessa
47%
AndorraParishAndorra la Vella
47%
GermanyStateRhineland-Palatinate
47%
AustriaStateTyrol
47%
GermanyStateMecklenburg-Vorpommern
47%
CroatiaCountySplit-Dalmatia
47%
GermanyStateSaarland
47%
ItalyRegionLazio
46%
AustriaStateSalzburg
46%
Bosnia and HerzegovinaPolitical DivisionFederation of Bosnia and Herzegovina
46%
GermanyStateHesse
45%
FinlandRegionCentral Finland
45%
NorwayTerritorySvalbard
45%
RussiaRegionKaliningrad
45%
BulgariaProvinceBlagoevgrad
44%
DenmarkConstituent CountryFaroe Islands
44%
SloveniaCity MunicipalityNova Gorica
43%
ItalyRegionPiedmont
43%
SloveniaMunicipalityIvančna Gorica
43%
GreeceRegionCentral Greece
43%
MaltaRegionCentral
43%
FranceRegionBourgogne-Franche-Comté
42%
ItalyRegionVeneto
42%
SwitzerlandCantonBasel-Stadt
41%
MontenegroMunicipalityBar
41%
MontenegroMunicipalityPodgorica
41%
SpainAutonomous CommunityRegion of Murcia
41%
KosovoDistrictPristina
41%
SpainAutonomous CommunityChartered Community of Navarre
41%
IrelandCity/CountyLimerick
40%
NetherlandsProvinceNorth Holland
40%
ItalyRegionTrentino-South Tyrol
40%
GermanyStateThuringia
40%
PortugalAutonomous RegionAzores
40%
NetherlandsProvinceSouth Holland
39%
RussiaRegionVolgograd
39%
GermanyStateSaxony-Anhalt
39%
ItalyRegionCalabria
39%
ItalyRegionEmilia-Romagna
38%
FranceRegionPays de la Loire
38%
RussiaRegionMurmansk
38%
UkraineRegionDonetsk
38%
ItalyRegionLiguria
38%
North MacedoniaMunicipalitySaraj
38%
FinlandRegionÅland Islands
38%
RussiaRepublicChechnya
37%
FranceRegionNouvelle-Aquitaine
37%
DenmarkRegionSjælland
37%
SpainAutonomous CommunityExtremadura
37%
FranceRegionCentre-Val de Loire
37%
SerbiaDistrictBor
36%
CroatiaCountyDubrovnik-Neretva
36%
NetherlandsProvinceFriesland
36%
Ukraine / RussiaCitySevastopol
36%
NetherlandsProvinceUtrecht
36%
Czech RepublicRegionMoravian-Silesian
35%
RussiaRegionNizhny Novgorod
35%
SpainAutonomous CommunityPrincipality of Asturias
35%
UkraineRegionLviv
35%
SpainAutonomous CommunityCastilla-La Mancha
35%
IrelandCountyGalway
35%
IrelandCityGalway
35%
RussiaRepublicKarelia
34%
DenmarkRegionMidtjylland
34%
PolandProvinceSilesian
34%
SwedenCountyGotland
34%
FranceRegionOccitanie
34%
ItalyRegionUmbria
34%
FranceRegionGrand Est
34%
MonacoWardMonte-Carlo
34%
ItalyRegionApulia
33%
ItalyRegionAosta Valley
33%
RussiaRegionRostov
33%
FranceRegionAuvergne-Rhône-Alpes
33%
UkraineRegionKharkiv
31%
ItalyRegionCampania
31%
RussiaTerritoryPerm
30%
GreeceRegionEastern Macedonia and Thrace
29%
SpainAutonomous CommunityLa Rioja
29%
AustriaStateLower Austria
29%
SpainAutonomous CommunityCantabria
29%
RussiaRegionNovgorod
29%
PolandProvincePomeranian
29%
PolandProvinceKuyavian-Pomeranian
29%
RussiaRegionArkhangelsk
28%
AustriaStateUpper Austria
28%
RussiaRegionLeningrad
28%
NetherlandsProvinceGroningen
28%
FinlandRegionSouthwest Finland
28%
PolandProvinceŁódź
28%
MaltaRegionSouth Eastern
27%
NetherlandsProvinceNorth Brabant
27%
NetherlandsProvinceLimburg
27%
FranceRegionHauts-de-France
27%
BulgariaProvinceVarna
26%
BelarusRegionBrest
26%
ItalyRegionAbruzzo
26%
IrelandCity/CountyWaterford
26%
AustriaStateStyria
26%
SwedenCountyUppsala
26%
RomaniaCountyCluj
26%
RussiaRepublicDagestan
26%
LithuaniaCountyKaunas
26%
ItalyRegionMarche
25%
IrelandCountyKilkenny
25%
SwitzerlandCantonLuzern
25%
RussiaRegionSamara
24%
UkraineRegionDnipropetrovsk
24%
AustriaStateCarinthia
24%
MaltaRegionGozo
24%
GreeceRegionPeloponnese
24%
RussiaTerritoryKrasnodar
24%
NorwayRegionTroms og Finnmark
24%
RussiaRepublicNorth Ossetia-Alania
24%
LiechtensteinMunicipalitySchaan
24%
ItalyRegionBasilicata
24%
CroatiaCountyIstria
23%
HungaryCountyVas
23%
NetherlandsProvinceFlevoland
23%
ItalyRegionMolise
23%
MoldovaAutonomous TerritoryTransnistria
23%
IrelandCountyKerry
22%
RussiaRegionSmolensk
22%
UkraineRegionLuhansk
22%
IrelandCountyDonegal
22%
PortugalDistrictBraga
22%
AustriaStateBurgenland
22%
IrelandCountyMayo
21%
RussiaRepublicTatarstan
21%
AustriaStateVorarlberg
21%
SwitzerlandCantonTicino
21%
BulgariaProvincePlovdiv
20%
Czech RepublicRegionPlzeň
20%
PolandProvinceGreater Poland
20%
IrelandCountySligo
20%
IrelandCountyWexford
20%
NetherlandsProvinceGelderland
20%
SlovakiaRegionKošice
20%
RussiaRegionPskov
20%
SwedenCountySkåne
20%
GreeceRegionEpirus
19%
GreeceRegionIonian Islands
19%
RussiaRegionSaratov
19%
SwitzerlandCantonValais
19%
NetherlandsProvinceOverijssel
19%
RussiaRegionAstrakhan
19%
SwitzerlandCantonGrisons
19%
NetherlandsProvinceDrenthe
19%
PortugalDistrictCoimbra
19%
PolandProvinceMasovian
19%
PolandProvinceLublin
19%
SwitzerlandCantonSt. Gallen
19%
PolandProvinceLesser Poland
19%
RussiaRegionYaroslavl
18%
RussiaRegionVoronezh
18%
RussiaRegionVladimir
18%
RussiaRegionTver
18%
BelarusRegionGomel
18%
RussiaRegionKursk
18%
GreeceRegionWestern Macedonia
18%
GreeceRegionThessaly
18%
RomaniaCountyTimiș
18%
RomaniaCountyConstanța
18%
PolandProvinceLower Silesian
18%
AlbaniaCountyDurrës
18%
IrelandCountyClare
17%
IrelandCountyMeath
17%
RussiaRepublicKomi
17%
LithuaniaCountyKlaipėda
17%
SwitzerlandCantonSchwyz
17%
RussiaRegionRyazan
17%
SwitzerlandCantonJura
17%
EstoniaCountyTartu
17%
SwitzerlandCantonUri
17%
SwitzerlandCantonZug
17%
CroatiaCountyZadar
17%
BulgariaProvinceBurgas
17%
GreeceRegionCentral Macedonia
17%
EstoniaCountySaare
17%
SwitzerlandCantonNeuchâtel
17%
UkraineRegionIvano-Frankivsk
17%
SwitzerlandCantonFribourg
16%
RussiaAutonomous AreaNenets
16%
SloveniaCity MunicipalityMaribor
16%
PolandProvinceWest Pomeranian
16%
SwitzerlandCantonAppenzell Ausserrhoden
16%
RussiaRegionOrenburg
16%
RussiaRepublicKalmykia
16%
LuxembourgCantonEsch-sur-Alzette
16%
BelarusRegionGrodno
16%
IrelandCountyTipperary
16%
RussiaRegionTula
16%
IrelandCountyKildare
16%
IrelandCountyWicklow
15%
SwitzerlandCantonBasel-Landschaft
15%
NorwayRegionNordland
15%
RussiaRepublicAdygea
15%
FinlandRegionNorth Karelia
15%
PolandProvinceOpole
15%
PolandProvinceWarmian-Masurian
15%
FinlandRegionSouth Karelia
15%
RussiaRegionKirov
15%
PortugalDistrictSetúbal
15%
RussiaRepublicIngushetia
15%
RussiaRegionBryansk
15%
BelarusRegionVitebsk
15%
RussiaRepublicMari El
15%
RomaniaCountyIași
15%
NorwayRegionTrøndelag
14%
Czech RepublicRegionCentral Bohemian
14%
SwitzerlandCantonAargau
14%
PolandProvinceHoly Cross
14%
SwedenCountyKalmar
14%
IrelandCountyCavan
14%
SwitzerlandCantonSchaffhausen
14%
GreeceRegionNorth Aegean
14%
IrelandCountyLaois
14%
Czech RepublicRegionSouth Bohemian
14%
HungaryCountyGyőr-Moson-Sopron
14%
IrelandCountyWestmeath
14%
GreeceRegionSouth Aegean
14%
RussiaTerritoryStavropol
14%
HungaryCountyPest
14%
PortugalDistrictÉvora
13%
IrelandCountyCarlow
13%
SwitzerlandCantonAppenzell Innerrhoden
13%
RomaniaCountyBrașov
13%
SwitzerlandCantonSolothurn
13%
RussiaRegionPenza
13%
RussiaRepublicKabardino-Balkar
13%
RussiaRegionIvanovo
13%
SwitzerlandCantonObwalden
13%
FinlandRegionUusimaa
13%
RussiaRegionVologda
13%
RussiaRegionBelgorod
13%
RussiaRepublicBashkortostan
13%
RussiaRegionUlyanovsk
13%
BelarusRegionMogilev
13%
RussiaRepublicUdmurtia
13%
PortugalDistrictBragança
13%
IrelandCountyOffaly
13%
KosovoDistrictPeja
13%
PolandProvinceLubusz
13%
IrelandCountyMonaghan
13%
IrelandCountyLouth
13%
Bosnia and HerzegovinaDistrictBrčko
13%
SwedenCountyHalland
13%
SwitzerlandCantonThurgau
13%
SwedenCountyJönköping
13%
SloveniaMunicipalityLuče
13%
SwedenCountyNorrbotten
13%
RussiaRepublicMordovia
13%
FinlandRegionOstrobothnia
13%
PolandProvinceSubcarpathian
13%
IrelandCountyRoscommon
13%
SwitzerlandCantonNidwalden
12%
Czech RepublicRegionKarlovy Vary
12%
Czech RepublicRegionLiberec
12%
EstoniaCountyPärnu
12%
NorwayRegionMøre og Romsdal
12%
SwitzerlandCantonGlarus
12%
FinlandRegionCentral Ostrobothnia
12%
PortugalDistrictBeja
12%
RomaniaCountyAlba
12%
Czech RepublicRegionOlomouc
12%
PortugalDistrictAveiro
12%
MontenegroMunicipalityKotor
12%
FinlandRegionNorth Ostrobothnia
12%
PolandProvincePodlaskie
12%
FinlandRegionSouth Ostrobothnia
12%
RussiaRegionTambov
12%
SwedenCountyVästerbotten
12%
SlovakiaRegionNitra
12%
SwedenCountyBlekinge
12%
LatviaMunicipalityDaugavpils
12%
UkraineRegionZaporizhia
12%
RussiaRepublicChuvashia
12%
RussiaRegionKaluga
12%
IrelandCountyLeitrim
12%
RussiaRepublicKarachay-Cherkessia
12%
SwedenCountyÖrebro
12%
RussiaRegionOryol
12%
SwedenCountyJämtland
12%
GreeceAutonomous RegionMount Athos
12%
LatviaMunicipalityDaugavpils
12%
RussiaRegionLipetsk
12%
IrelandCountyLongford
12%
FinlandRegionPäijänne Tavastia
11%
SwedenCountyÖstergötland
11%
FinlandRegionNorthern Savonia
11%
NorwayRegionVestland
11%
MoldovaMunicipalityBălți
11%
FinlandRegionKainuu
11%
NorwayRegionViken
11%
SwedenCountyVärmland
11%
NorwayRegionRogaland
11%
AlbaniaCountyShkodër
11%
SwedenCountyDalarna
11%
EstoniaCountyHiiu
11%
UkraineRegionKherson
11%
NorwayRegionAgder
11%
PortugalDistrictSantarém
11%
PortugalDistrictVila Real
11%
PortugalDistrictLeiria
11%
Czech RepublicRegionSouth Moravian
11%
RussiaRegionKostroma
11%
FinlandRegionSouthern Savonia
11%
PortugalDistrictCastelo Branco
11%
SwedenCountyVästra Götaland
11%
CroatiaCountyOsijek-Baranja
11%
Czech RepublicRegionZlín
11%
AlbaniaCountyVlorë
11%
UkraineRegionPoltava
10%
Czech RepublicRegionPardubice
10%
SlovakiaRegionTrenčín
10%
North MacedoniaMunicipalityOhrid
10%
SlovakiaRegionTrnava
10%
IrelandCountySouth Dublin
10%
UkraineRegionChernihiv
10%
SlovakiaRegionPrešov
10%
SlovakiaRegionŽilina
10%
AlbaniaCountyElbasan
10%
Czech RepublicRegionÚstí nad Labem
10%
SloveniaMunicipalityBled
10%
LatviaMunicipalitySala
10%
CroatiaCountyŠibenik-Knin
10%
Czech RepublicRegionHradec Králové
10%
NorwayRegionVestfold og Telemark
10%
CroatiaCountyPožega-Slavonia
10%
AndorraParishEncamp
10%
RomaniaCountyGalați
10%
RomaniaCountyArad
10%
PortugalDistrictViseu
10%
PortugalDistrictViana do Castelo
10%
PortugalDistrictPortalegre
10%
FinlandRegionTavastia Proper
10%
PortugalDistrictGuarda
10%
UkraineRegionMykolaiv
10%
UkraineRegionZakarpattia
10%
NorwayRegionInnlandet
10%
FinlandRegionSatakunta
10%
FinlandRegionPirkanmaa
10%
SwedenCountySödermanland
10%
San MarinoMunicipalitySerravalle
10%
FinlandRegionKymenlaakso
10%
SwedenCountyKronoberg
10%
IcelandMunicipalityAkureyri
10%
San MarinoMunicipalityBorgo Maggiore
9%
LithuaniaCountyŠiauliai
9%
SlovakiaRegionBanská Bystrica
9%
UkraineRegionSumy
9%
RomaniaCountySibiu
9%
UkraineRegionRivne
9%
MontenegroMunicipalityBudva
9%
SloveniaCity MunicipalityKoper
9%
SloveniaMunicipalityRuše
9%
UkraineRegionChernivtsi
9%
UkraineRegionCherkasy
9%
SwedenCountyGävleborg
9%
UkraineRegionVolyn
9%
UkraineRegionZhytomyr
9%
SwedenCountyVästernorrland
9%
SwedenCountyVästmanland
9%
UkraineRegionTernopil
9%
AlbaniaCountyBerat
9%
KosovoDistrictPrizren
9%
Czech RepublicRegionVysočina
9%
BulgariaProvinceRuse
9%
AndorraParishSant Julià de Lòria
9%
AndorraParishEscaldes-Engordany
9%
BulgariaProvinceVidin
9%
CroatiaCountyBrod-Posavina
9%
CroatiaCountyKarlovac
9%
CroatiaCountyLika-Senj
9%
CroatiaCountyPrimorje-Gorski Kotar
9%
CroatiaCountyVaraždin
9%
CroatiaCountyVukovar-Srijem
9%
BulgariaProvinceMontana
9%
HungaryCountyZala
9%
HungaryCountyKomárom-Esztergom
9%
EstoniaCountyValga
8%
HungaryCountyBorsod-Abaúj-Zemplén
8%
BulgariaProvincePleven
8%
BulgariaProvinceRazgrad
8%
HungaryCountyJász-Nagykun-Szolnok
8%
HungaryCountyHajdú-Bihar
8%
IrelandCountyFingal
8%
HungaryCountyFejér
8%
IrelandCountyDún Laoghaire–Rathdown
8%
BulgariaProvinceStara Zagora
8%
BulgariaProvinceVeliko Tarnovo
8%
HungaryCountyCsongrád
8%
HungaryCountyBékés
8%
HungaryCountySzabolcs-Szatmár-Bereg
8%
CroatiaCountyKrapina-Zagorje
8%
HungaryCountyNógrád
8%
HungaryCountyBács-Kiskun
8%
CroatiaCountySisak-Moslavina
8%
HungaryCountyBaranya
8%
MontenegroMunicipalityCetinje
8%
LatviaMunicipalityLiepāja
8%
HungaryCountySomogy
8%
EstoniaCountyHarju
8%
EstoniaCountyIda-Viru
8%
HungaryCountyVeszprém
8%
HungaryCountyTolna
8%
EstoniaCountyVõru
8%
KosovoDistrictMitrovica
8%
RomaniaCountyTulcea
8%
LithuaniaCountyMarijampolė
8%
LatviaMunicipalityVentspils
8%
LuxembourgCantonDiekirch
8%
AlbaniaCountyKukës
8%
LithuaniaCountyUtena
8%
AlbaniaCountyKorçë
8%
LithuaniaCountyPanevėžys
8%
AlbaniaCountyGjirokastër
8%
AlbaniaCountyLezhë
8%
AlbaniaCountyFier
8%
LithuaniaCountyAlytus
8%
LiechtensteinMunicipalityBalzers
8%
LiechtensteinMunicipalityTriesenberg
8%
LiechtensteinMunicipalityTriesen
8%
LiechtensteinMunicipalityEschen
8%
RomaniaCountyBacău
8%
RomaniaCountySuceava
8%
LatviaMunicipalityVentspils
8%
HungaryCountyHeves
8%
UkraineRegionVinnytsia
8%
AndorraParishLa Massana
8%
AndorraParishOrdino
8%
BulgariaProvinceDobrich
8%
AndorraParishCanillo
8%
RomaniaCountyMaramureș
8%
RomaniaCountyMureș
8%
RomaniaCountyOlt
8%
RomaniaCountySatu Mare
8%
RomaniaCountyBrăila
7%
RomaniaCountyBotoșani
7%
RomaniaCountyBihor
7%
San MarinoMunicipalityAcquaviva
7%
LiechtensteinMunicipalityMauren
7%
San MarinoMunicipalityFiorentino
7%
LatviaMunicipalityApe
7%
MontenegroMunicipalityTivat
7%
North MacedoniaMunicipalityBitola
7%
MontenegroMunicipalityUlcinj
7%
RomaniaCountyIlfov
7%
RomaniaCountyHunedoara
7%
RomaniaCountyHarghita
7%
SerbiaDistrictSouth Banat
7%
SerbiaDistrictNorth Banat
7%
RomaniaCountyGorj
7%
SerbiaDistrictSrem
7%
RomaniaCountyGiurgiu
7%
AlbaniaCountyDibër
7%
SloveniaCity MunicipalityCelje
7%
RomaniaCountyDolj
7%
SerbiaDistrictCentral Banat
7%
RomaniaCountyCălărași
7%
RomaniaCountyCaraș-Severin
7%
San MarinoMunicipalityMontegiardino
7%
RomaniaCountyBuzău
7%
LiechtensteinMunicipalityGamprin
7%
MontenegroMunicipalityNikšić
7%
LuxembourgCantonVianden
7%
MoldovaAutonomous TerritoryGăgăuzia
7%
BulgariaProvinceSilistra
7%
UkraineRegionKhmelnytskyi
7%
BulgariaProvinceShumen
7%
UkraineRegionKirovohrad
7%
MontenegroMunicipalityHerceg Novi
7%
MoldovaDistrictCălărași
7%
BulgariaProvinceLovech
7%
BulgariaProvinceHaskovo
7%
LuxembourgCantonWiltz
7%
LuxembourgCantonRemich
7%
BulgariaProvinceTargovishte
7%
LuxembourgCantonMersch
7%
LuxembourgCantonGrevenmacher
7%
LuxembourgCantonEchternach
7%
LuxembourgCantonClervaux
7%
LuxembourgCantonCapellen
7%
LithuaniaCountyTelšiai
7%
LithuaniaCountyTauragė
7%
LiechtensteinMunicipalitySchellenberg
7%
LiechtensteinMunicipalityRuggell
7%
LiechtensteinMunicipalityPlanken
7%
BulgariaProvinceSliven
7%
BulgariaProvincePernik
7%
LatviaMunicipalityJūrmala
7%
CroatiaCountyKoprivnica-Križevci
7%
EstoniaCountyViljandi
7%
EstoniaCountyRapla
7%
EstoniaCountyPõlva
7%
EstoniaCountyLääne-Viru
7%
EstoniaCountyJõgeva
7%
EstoniaCountyJärva
7%
MonacoWardLa Condamine
7%
CroatiaCountyVirovitica-Podravina
7%
CroatiaCountyMeđimurje
7%
CroatiaCountyBjelovar-Bilogora
7%
BulgariaProvinceYambol
7%
BulgariaProvinceVratsa
7%
San MarinoMunicipalityChiesanuova
6%
SloveniaMunicipalityGrad
6%
SloveniaCity MunicipalityKranj
6%
RomaniaCountyDâmbovița
6%
RomaniaCountyCovasna
6%
SerbiaDistrictPirot
6%
SerbiaDistrictRaška
6%
SerbiaDistrictZlatibor
6%
RomaniaCountyBistrița-Năsăud
6%
SerbiaDistrictNorth Bačka
6%
BulgariaProvinceSmolyan
6%
RomaniaCountyArgeș
6%
LatviaMunicipalityJelgava
6%
LatviaMunicipalityJelgava
6%
San MarinoMunicipalityDomagnano
6%
SerbiaDistrictWest Bačka
6%
BulgariaProvincePazardzhik
6%
RomaniaCountySălaj
6%
RomaniaCountyVrancea
6%
RomaniaCountyVâlcea
6%
RomaniaCountyVaslui
6%
SerbiaDistrictSouth Bačka
6%
RomaniaCountyTeleorman
6%
SerbiaDistrictPomoravlje
6%
BulgariaProvinceKyustendil
6%
RomaniaCountyIalomița
6%
RomaniaCountyPrahova
6%
BulgariaProvinceKardzhali
6%
RomaniaCountyNeamț
6%
SerbiaDistrictNišava
6%
RomaniaCountyMehedinți
6%
BulgariaProvinceGabrovo
6%
SerbiaDistrictŠumadija
6%
SerbiaDistrictMačva
6%
San MarinoMunicipalityFaetano
6%
MontenegroMunicipalityPlav
6%
MontenegroMunicipalityBerane
6%
MonacoWardLa Rousse
6%
MonacoWardLarvotto
6%
MonacoWardLes Moneghetti
6%
MontenegroMunicipalityTuzi
6%
MoldovaMunicipalityBender
6%
North MacedoniaMunicipalityKumanovo
6%
MonacoWardFontvieille
6%
LuxembourgCantonRedange
6%
SerbiaDistrictZaječar
5%
MoldovaDistrictOrhei
5%
IcelandMunicipalityKópavogur
5%
SloveniaMunicipalityIzola
5%
LatviaMunicipalityMadona
5%
SerbiaDistrictToplica
5%
LatviaMunicipalityCēsis
5%
IcelandMunicipalityAkranes
5%
MontenegroMunicipalityMojkovac
5%
MontenegroMunicipalityŽabljak
5%
North MacedoniaMunicipalityPrilep
5%
SloveniaMunicipalityIg
5%
LatviaMunicipalityOgre
5%
MontenegroMunicipalityŠavnik
5%
MontenegroMunicipalityRožaje
5%
MontenegroMunicipalityAndrijevica
5%
MontenegroMunicipalityPlužine
5%
MontenegroMunicipalityBijelo Polje
5%
MontenegroMunicipalityPljevlja
5%
MontenegroMunicipalityDanilovgrad
5%
MontenegroMunicipalityGusinje
5%
SerbiaDistrictRasina
5%
MontenegroMunicipalityKolašin
5%
SerbiaDistrictMoravica
5%
MoldovaDistrictCahul
5%
SerbiaDistrictKolubara
5%
KosovoDistrictFerizaj
5%
KosovoDistrictGjakova
5%
SloveniaMunicipalitySlovenska Bistrica
5%
North MacedoniaMunicipalityTetovo
5%
SerbiaDistrictJablanica
5%
SerbiaDistrictBraničevo
5%
KosovoDistrictGjilan
5%
SloveniaMunicipalityPiran
5%
SloveniaCity MunicipalityNovo Mesto
5%
SerbiaDistrictPčinja
5%
IcelandMunicipalityHafnarfjörður
5%
SerbiaDistrictPodunavlje
5%
SloveniaMunicipalityPostojna
4%
SloveniaCity MunicipalityPtuj
4%
IcelandMunicipalityÖlfus
4%
SloveniaCity MunicipalityMurska Sobota
4%
North MacedoniaMunicipalityCentar
4%
MontenegroMunicipalityPetnjica
4%
IcelandMunicipalityVestmannaeyjar
4%
LatviaMunicipalitySigulda
4%
IcelandMunicipalityReykjanesbær
4%
IcelandMunicipalityVogar
4%
North MacedoniaMunicipalityAerodrom
4%
IcelandMunicipalityÁrneshreppur
4%
North MacedoniaMunicipalityDebar
4%
LatviaMunicipalityAglona
4%
LatviaMunicipalityAlūksne
4%
LatviaMunicipalityBabīte
4%
LatviaMunicipalityBalvi
4%
LatviaMunicipalityBauska
4%
LatviaMunicipalityAloja
4%
LatviaMunicipalityAizpute
4%
LatviaMunicipalityAizkraukle
4%
LatviaMunicipalityDagda
4%
LatviaMunicipalitySalaspils
4%
IcelandMunicipalityÁrborg
4%
IcelandMunicipalityEyja- og Miklaholtshreppur
4%
SloveniaMunicipalityKamnik
4%
LatviaMunicipalityDobele
4%
North MacedoniaMunicipalityGostivar
4%
SloveniaMunicipalityJesenice
4%
IcelandMunicipalityBorgarbyggð
4%
IcelandMunicipalityBláskógabyggð
4%
LatviaMunicipalityAuce
4%
IcelandMunicipalityGarðabær
4%
SloveniaMunicipalityLog-Dragomer
4%
MoldovaDistrictFălești
4%
LatviaMunicipalityNīca
4%
MoldovaDistrictOcnița
4%
MoldovaDistrictNisporeni
4%
MoldovaDistrictLeova
4%
SloveniaMunicipalityGornja Radgona
4%
LatviaMunicipalitySaldus
4%
LatviaMunicipalityValmiera
4%
MoldovaDistrictFlorești
4%
MoldovaDistrictAnenii Noi
4%
North MacedoniaMunicipalityVeles
4%
LatviaMunicipalityGulbene
4%
LatviaMunicipalityOlaine
4%
SloveniaMunicipalityDomžale
4%
MoldovaDistrictEdineț
4%
MoldovaDistrictDubăsari
4%
MoldovaDistrictDrochia
4%
LatviaMunicipalityValka
4%
MoldovaDistrictCriuleni
4%
MoldovaDistrictCimișlia
4%
MoldovaDistrictBasarabeasca
4%
MoldovaDistrictCăușeni
4%
MoldovaDistrictBriceni
4%
LatviaMunicipalityRēzekne
4%
MoldovaDistrictCantemir
4%
MoldovaDistrictRezina
4%
MoldovaDistrictSoroca
4%
North MacedoniaMunicipalityŠtip
4%
SloveniaMunicipalityČrna na Koroškem
4%
LatviaMunicipalityRoja
4%
MonacoWardRavin de Sainte-Dévote
4%
LatviaMunicipalityTalsi
4%
LatviaMunicipalityJēkabpils
4%
LatviaMunicipalityJēkabpils
4%
MonacoWardJardin Exotique
4%
MoldovaDistrictUngheni
4%
LatviaMunicipalityKrāslava
4%
LatviaMunicipalityTukums
4%
LatviaMunicipalityRēzekne
4%
LatviaMunicipalityKuldīga
4%
North MacedoniaMunicipalityStrumica
4%
SloveniaMunicipalityBohinj
4%
MoldovaDistrictTaraclia
4%
MoldovaDistrictȘtefan Vodă
4%
North MacedoniaMunicipalityStruga
4%
LatviaMunicipalitySēja
3%
SloveniaMunicipalityLitija
3%
SloveniaMunicipalityDobrna
3%
SloveniaMunicipalityLendava
3%
SloveniaMunicipalityKriževci
3%
SloveniaMunicipalityKranjska Gora
3%
SloveniaMunicipalityDornava
3%
SloveniaMunicipalityKuzma
3%
SloveniaMunicipalityLaško
3%
SloveniaMunicipalityKrško
3%
SloveniaMunicipalityDolenjske Toplice
3%
SloveniaMunicipalityDobrova–Polhov Gradec
3%
SloveniaMunicipalityDobrovnik
3%
SloveniaMunicipalityLenart
3%
North MacedoniaMunicipalityRankovce
3%
SloveniaMunicipalityKozje
3%
LatviaMunicipalitySaulkrasti
3%
IcelandMunicipalityHornafjörður
3%
SloveniaMunicipalityHorjul
3%
SloveniaMunicipalityHrpelje-Kozina
3%
SloveniaMunicipalityHodoš
3%
SloveniaMunicipalityHoče–Slivnica
3%
SloveniaMunicipalityIdrija
3%
SloveniaMunicipalityHajdina
3%
SloveniaMunicipalityIlirska Bistrica
3%
IcelandMunicipalityHúnavatnshreppur
3%
SloveniaMunicipalityGrosuplje
3%
SloveniaMunicipalityJezersko
3%
SloveniaMunicipalityGornji Grad
3%
SloveniaMunicipalityKostel
3%
SloveniaMunicipalityKanal
3%
SloveniaMunicipalityKobarid
3%
SloveniaMunicipalityKočevje
3%
SloveniaMunicipalityGorje
3%
SloveniaMunicipalityKomen
3%
SloveniaMunicipalityGorenja Vas–Poljane
3%
SloveniaMunicipalityKomenda
3%
IcelandMunicipalityHrunamannahreppur
3%
SloveniaMunicipalityKostanjevica na Krki
3%
SloveniaMunicipalityDuplek
3%
SloveniaMunicipalityDravograd
3%
North MacedoniaMunicipalityRadoviš
3%
IcelandMunicipalityFlóahreppur
3%
SloveniaMunicipalityLjubno
3%
MoldovaDistrictStrășeni
3%
IcelandMunicipalityBorgarfjarðarhreppur
3%
IcelandMunicipalityBolungarvík
3%
IcelandMunicipalityBlönduósbær
3%
IcelandMunicipalityÁsahreppur
3%
IcelandMunicipalityAkrahreppur
3%
LatviaMunicipalitySkrīveri
3%
LatviaMunicipalitySkrunda
3%
LatviaMunicipalitySmiltene
3%
LatviaMunicipalityStopiņi
3%
LatviaMunicipalityStrenči
3%
LatviaMunicipalityTērvete
3%
MoldovaDistrictTelenești
3%
MoldovaDistrictȘoldănești
3%
MoldovaDistrictSîngerei
3%
IcelandMunicipalityDalvíkurbyggð
3%
MoldovaDistrictRîșcani
3%
MoldovaDistrictIaloveni
3%
MoldovaDistrictHîncești
3%
MoldovaDistrictGlodeni
3%
MoldovaDistrictDondușeni
3%
LatviaMunicipalityVaiņode
3%
LatviaMunicipalityVarakļāni
3%
LatviaMunicipalityVārkava
3%
LatviaMunicipalityVecpiebalga
3%
LatviaMunicipalityVecumnieki
3%
LatviaMunicipalityViesīte
3%
LatviaMunicipalityViļaka
3%
LatviaMunicipalityViļāni
3%
LatviaMunicipalityZilupe
3%
IcelandMunicipalityDalabyggð
3%
IcelandMunicipalityDjúpavogshreppur
3%
SloveniaMunicipalityLjutomer
3%
SloveniaMunicipalitySveti Andraž v Slovenskih Goricah
3%
SloveniaMunicipalityLogatec
3%
SloveniaMunicipalityLovrenc na Pohorju
3%
IcelandMunicipalityHörgársveit
3%
IcelandMunicipalityHelgafellssveit
3%
SloveniaMunicipalityMiren-Kostanjevica
3%
SloveniaMunicipalityRavne na Koroškem
3%
SloveniaMunicipalityRibnica
3%
SloveniaMunicipalityRibnica na Pohorju
3%
IcelandMunicipalityGrýtubakkahreppur
3%
SloveniaMunicipalitySežana
3%
SloveniaMunicipalityŠkofja Loka
3%
SloveniaMunicipalityŠmartno ob Paki
3%
SloveniaMunicipalityŠmartno pri Litiji
3%
SloveniaMunicipalitySveta Trojica v Slovenskih Goricah
3%
SloveniaMunicipalitySveti Jurij ob Ščavnici
3%
IcelandMunicipalityEyjafjarðarsveit
3%
SloveniaMunicipalitySveti Jurij v Slovenskih Goricah
3%
SloveniaMunicipalityTolmin
3%
SloveniaCity MunicipalityVelenje
3%
SloveniaMunicipalityVelike Lašče
3%
SloveniaMunicipalityZagorje ob Savi
3%
SloveniaMunicipalityŽiri
3%
IcelandMunicipalityGrundarfjarðarbær
3%
IcelandMunicipalityGrindavíkurbær
3%
IcelandMunicipalityGrímsnes- og Grafningshreppur
3%
SloveniaMunicipalityDobje
3%
IcelandMunicipalityFljótsdalshreppur
3%
IcelandMunicipalityFljótsdalshérað
3%
IcelandMunicipalityFjarðabyggð
3%
IcelandMunicipalityFjallabyggð
3%
SloveniaMunicipalityDobrepolje
3%
SloveniaMunicipalityHrastnik
3%
SloveniaMunicipalityDivača
3%
North MacedoniaMunicipalityKonče
3%
LatviaMunicipalityDundaga
3%
North MacedoniaMunicipalityGradsko
3%
North MacedoniaMunicipalityIlinden
3%
North MacedoniaMunicipalityJegunovce
3%
North MacedoniaMunicipalityKarbinci
3%
North MacedoniaMunicipalityKarpoš
3%
North MacedoniaMunicipalityKavadarci
3%
North MacedoniaMunicipalityKičevo
3%
North MacedoniaMunicipalityKisela Voda
3%
North MacedoniaMunicipalityKočani
3%
LatviaMunicipalityDurbe
3%
North MacedoniaMunicipalityKratovo
3%
North MacedoniaMunicipalityGevgelija
3%
North MacedoniaMunicipalityKriva Palanka
3%
North MacedoniaMunicipalityKrivogaštani
3%
North MacedoniaMunicipalityKruševo
3%
LatviaMunicipalityEngure
3%
North MacedoniaMunicipalityLipkovo
3%
North MacedoniaMunicipalityLozovo
3%
LatviaMunicipalityĒrgļi
3%
LatviaMunicipalityGarkalne
3%
North MacedoniaMunicipalityMakedonska Kamenica
3%
North MacedoniaMunicipalityMakedonski Brod
3%
North MacedoniaMunicipalityMavrovo and Rostuša
3%
North MacedoniaMunicipalityGjorče Petrov
3%
North MacedoniaMunicipalityGazi Baba
3%
North MacedoniaMunicipalityMogila
3%
LatviaMunicipalityAlsunga
3%
IcelandMunicipalitySvalbarðshreppur
3%
IcelandMunicipalitySvalbarðsstrandarhreppur
3%
IcelandMunicipalityTálknafjarðarhreppur
3%
IcelandMunicipalityTjörneshreppur
3%
IcelandMunicipalityVesturbyggð
3%
SloveniaMunicipalityDestrnik
3%
IcelandMunicipalityÞingeyjarsveit
3%
North MacedoniaMunicipalityDebarca
3%
North MacedoniaMunicipalityDelčevo
3%
North MacedoniaMunicipalityDemir Hisar
3%
LatviaMunicipalityAknīste
3%
LatviaMunicipalityAmata
3%
North MacedoniaMunicipalityDolneni
3%
North MacedoniaMunicipalityDemir Kapija
3%
LatviaMunicipalityĀdaži
3%
LatviaMunicipalityBaldone
3%
LatviaMunicipalityBaltinava
3%
LatviaMunicipalityBeverīna
3%
LatviaMunicipalityBrocēni
3%
LatviaMunicipalityBurtnieki
3%
LatviaMunicipalityCarnikava
3%
LatviaMunicipalityCesvaine
3%
LatviaMunicipalityCibla
3%
North MacedoniaMunicipalityDojran
3%
LatviaMunicipalityGrobiņa
3%
North MacedoniaMunicipalityNegotino
3%
IcelandMunicipalitySúðavíkurhreppur
3%
North MacedoniaMunicipalityŽelino
3%
LatviaMunicipalityNaukšēni
3%
LatviaMunicipalityNereta
3%
LatviaMunicipalityOzolnieki
3%
LatviaMunicipalityPārgauja
3%
LatviaMunicipalityPāvilosta
3%
LatviaMunicipalityPļaviņas
3%
LatviaMunicipalityPreiļi
3%
LatviaMunicipalityPriekule
3%
LatviaMunicipalityPriekuļi
3%
LatviaMunicipalityRauna
3%
North MacedoniaMunicipalityZrnovci
3%
North MacedoniaMunicipalityVrapčište
3%
LatviaMunicipalityMazsalaca
3%
North MacedoniaMunicipalityVinica
3%
North MacedoniaMunicipalityVevčani
3%
North MacedoniaMunicipalityVasilevo
3%
North MacedoniaMunicipalityValandovo
3%
North MacedoniaMunicipalityTearce
3%
North MacedoniaMunicipalitySveti Nikole
3%
North MacedoniaMunicipalityStaro Nagoričane
3%
North MacedoniaMunicipalitySopište
3%
LatviaMunicipalityRiebiņi
3%
North MacedoniaMunicipalityRosoman
3%
North MacedoniaMunicipalityResen
3%
LatviaMunicipalityMērsrags
3%
LatviaMunicipalityMārupe
3%
North MacedoniaMunicipalityNovaci
3%
LatviaMunicipalityKārsava
3%
North MacedoniaMunicipalityNovo Selo
3%
North MacedoniaMunicipalityPehčevo
3%
LatviaMunicipalityIecava
3%
LatviaMunicipalityIkšķile
3%
LatviaMunicipalityInčukalns
3%
LatviaMunicipalityIlūkste
3%
LatviaMunicipalityJaunjelgava
3%
LatviaMunicipalityJaunpiebalga
3%
LatviaMunicipalityJaunpils
3%
North MacedoniaMunicipalityPetrovec
3%
LatviaMunicipalityKandava
3%
LatviaMunicipalityKocēni
3%
LatviaMunicipalityMālpils
3%
LatviaMunicipalityKoknese
3%
LatviaMunicipalityKrimulda
3%
LatviaMunicipalityKrustpils
3%
LatviaMunicipalityĶegums
3%
LatviaMunicipalityĶekava
3%
LatviaMunicipalityLielvārde
3%
North MacedoniaMunicipalityProbištip
3%
LatviaMunicipalityLīgatne
3%
LatviaMunicipalityLimbaži
3%
LatviaMunicipalityLīvāni
3%
LatviaMunicipalityLubāna
3%
LatviaMunicipalityLudza
3%
IcelandMunicipalitySuðurnesjabær
3%
IcelandMunicipalityVopnafjarðarhreppur
3%
IcelandMunicipalitySkaftárhreppur
3%
North MacedoniaMunicipalityBosilovo
3%
IcelandMunicipalityLanganesbyggð
3%
IcelandMunicipalitySkeiða- og Gnúpverjahreppur
3%
IcelandMunicipalityMosfellsbær
3%
LatviaMunicipalitySalacgrīva
3%
IcelandMunicipalitySnæfellsbær
3%
IcelandMunicipalitySkorradalshreppur
3%
LatviaMunicipalityRūjiena
3%
LatviaMunicipalityRundāle
3%
LatviaMunicipalityRugāji
3%
LatviaMunicipalityRucava
3%
LatviaMunicipalityRopaži
3%
North MacedoniaMunicipalityBerovo
3%
North MacedoniaMunicipalityBogdanci
3%
North MacedoniaMunicipalityBogovinje
3%
North MacedoniaMunicipalityBrvenica
3%
IcelandMunicipalityKaldrananeshreppur
3%
North MacedoniaMunicipalityButel
3%
IcelandMunicipalityMýrdalshreppur
3%
IcelandMunicipalityNorðurþing
3%
North MacedoniaMunicipalityČair
3%
North MacedoniaMunicipalityČaška
3%
North MacedoniaMunicipalityCentar Župa
3%
IcelandMunicipalityRangárþing eystra
3%
North MacedoniaMunicipalityČešinovo-Obleševo
3%
IcelandMunicipalityRangárþing ytra
3%
North MacedoniaMunicipalityČučer-Sandevo
3%
IcelandMunicipalityReykhólahreppur
3%
IcelandMunicipalitySeltjarnarnes
3%
IcelandMunicipalitySkagabyggð
3%
IcelandMunicipalitySeyðisfjörður
3%
IcelandMunicipalitySkútustaðahreppur
3%
IcelandMunicipalityKjósarhreppur
3%
IcelandMunicipalityÍsafjarðarbær
3%
SloveniaMunicipalityBraslovče
3%
IcelandMunicipalitySkagaströnd
3%
SloveniaMunicipalityCerkno
3%
SloveniaMunicipalityCerknica
3%
SloveniaMunicipalityCerklje na Gorenjskem
3%
SloveniaMunicipalityCankova
3%
SloveniaMunicipalityCirkulane
3%
SloveniaMunicipalityBrežice
3%
SloveniaMunicipalityBrezovica
3%
North MacedoniaMunicipalityAračinovo
3%
IcelandMunicipalityHveragerði
3%
SloveniaMunicipalityBrda
3%
IcelandMunicipalityStykkishólmur
3%
SloveniaMunicipalityBovec
3%
SloveniaMunicipalityCerkvenjak
3%
SloveniaMunicipalityBorovnica
3%
SloveniaMunicipalityBloke
3%
IcelandMunicipalityHúnaþing vestra
3%
SloveniaMunicipalityČrnomelj
3%
SloveniaMunicipalityBistrica ob Sotli
3%
SloveniaMunicipalityBenedikt
3%
SloveniaMunicipalityBeltinci
3%
SloveniaMunicipalityApače
3%
IcelandMunicipalityStrandabyggð
3%
SloveniaMunicipalityAnkaran
3%
SloveniaMunicipalityAjdovščina
3%
IcelandMunicipalityHvalfjarðarsveit
3%
IcelandMunicipalitySkagafjörður
3%
SloveniaMunicipalityMakole
2%
SloveniaMunicipalityMežica
2%
SloveniaMunicipalityMirna
2%
SloveniaMunicipalityMarkovci
2%
SloveniaMunicipalityMiklavž na Dravskem Polju
2%
SloveniaMunicipalityMedvode
2%
SloveniaMunicipalityMetlika
2%
SloveniaMunicipalityMengeš
2%
SloveniaMunicipalityRazkrižje
2%
SloveniaMunicipalityKobilje
2%
SloveniaMunicipalityMajšperk
2%
SloveniaMunicipalityLukovica
2%
SloveniaMunicipalityLoški Potok
2%
SloveniaMunicipalityLoška Dolina
2%
SloveniaMunicipalityKungota
2%
North MacedoniaMunicipalityPlasnica
2%
SloveniaMunicipalityMislinja
2%
SloveniaMunicipalityKidričevo
2%
SloveniaMunicipalityJuršinci
2%
SloveniaMunicipalityGornji Petrovci
2%
North MacedoniaMunicipalityZelenikovo
2%
SloveniaMunicipalityGorišnica
2%
North MacedoniaMunicipalityŠuto Orizari
2%
North MacedoniaMunicipalityStudeničani
2%
SloveniaMunicipalityDol pri Ljubljani
2%
SloveniaMunicipalityMirna Peč
2%
SloveniaMunicipalityMozirje
2%
SloveniaMunicipalityMokronog-Trebelno
2%
SloveniaMunicipalityŠoštanj
2%
SloveniaMunicipalityRače–Fram
2%
SloveniaMunicipalitySlovenske Konjice
2%
SloveniaMunicipalityŠmarje pri Jelšah
2%
SloveniaMunicipalityŠmarješke Toplice
2%
SloveniaMunicipalityPuconci
2%
SloveniaMunicipalitySodražica
2%
SloveniaMunicipalitySolčava
2%
SloveniaMunicipalitySredišče ob Dravi
2%
SloveniaMunicipalityŠkofljica
2%
SloveniaMunicipalityStarše
2%
SloveniaMunicipalityŠtore
2%
SloveniaMunicipalityStraža
2%
SloveniaMunicipalitySveta Ana
2%
SloveniaMunicipalityPrevalje
2%
SloveniaMunicipalityPreddvor
2%
SloveniaMunicipalityPrebold
2%
SloveniaCity MunicipalitySlovenj Gradec
2%
SloveniaMunicipalityRadeče
2%
SloveniaMunicipalityTabor
2%
SloveniaMunicipalitySelnica ob Dravi
2%
SloveniaMunicipalityRenče–Vogrsko
2%
SloveniaMunicipalityRadovljica
2%
SloveniaMunicipalityRogaška Slatina
2%
SloveniaMunicipalityRogašovci
2%
SloveniaMunicipalityRogatec
2%
SloveniaMunicipalityRadlje ob Dravi
2%
SloveniaMunicipalityŠalovci
2%
SloveniaMunicipalitySemič
2%
SloveniaMunicipalityŠkocjan
2%
SloveniaMunicipalityŠempeter-Vrtojba
2%
SloveniaMunicipalityŠenčur
2%
SloveniaMunicipalityŠentilj
2%
SloveniaMunicipalityŠentjernej
2%
SloveniaMunicipalityŠentjur
2%
SloveniaMunicipalityŠentrupert
2%
SloveniaMunicipalitySevnica
2%
SloveniaMunicipalityRadenci
2%
SloveniaMunicipalitySveti Tomaž
2%
SloveniaMunicipalityTišina
2%
SloveniaMunicipalityMoravče
2%
SloveniaMunicipalityPesnica
2%
SloveniaMunicipalityŽelezniki
2%
SloveniaMunicipalityŽetale
2%
SloveniaMunicipalityPodčetrtek
2%
SloveniaMunicipalityŽirovnica
2%
SloveniaMunicipalityZreče
2%
SloveniaMunicipalityŽužemberk
2%
SloveniaMunicipalityPivka
2%
SloveniaMunicipalityOsilnica
2%
SloveniaMunicipalityŽalec
2%
SloveniaMunicipalityOrmož
2%
SloveniaMunicipalityOplotnica
2%
SloveniaMunicipalityOdranci
2%
SloveniaMunicipalityNazarje
2%
SloveniaMunicipalityNaklo
2%
SloveniaMunicipalityMuta
2%
SloveniaMunicipalityRečica ob Savinji
2%
SloveniaMunicipalityMoravske Toplice
2%
SloveniaMunicipalityZavrč
2%
SloveniaMunicipalityPodlehnik
2%
SloveniaMunicipalityPolzela
2%
SloveniaMunicipalityVelika Polana
2%
SloveniaMunicipalityTrbovlje
2%
SloveniaMunicipalityTrebnje
2%
SloveniaMunicipalityTrnovska Vas
2%
SloveniaMunicipalityTrzin
2%
SloveniaMunicipalityTržič
2%
SloveniaMunicipalityTurnišče
2%
SloveniaMunicipalityPoljčane
2%
SloveniaMunicipalityPodvelka
2%
SloveniaMunicipalityVuzenica
2%
SloveniaMunicipalityVeržej
2%
SloveniaMunicipalityVidem
2%
SloveniaMunicipalityVipava
2%
SloveniaMunicipalityVitanje
2%
SloveniaMunicipalityVodice
2%
SloveniaMunicipalityVojnik
2%
SloveniaMunicipalityVransko
2%
SloveniaMunicipalityVrhnika
2%
SloveniaMunicipalityČrenšovci
2%

Score Distribution

Percentile by Number Answered

Percent of People with Each Score

Your Score History

You have not taken this quiz since the last reset